000 01036cam a2200313 a 4500
001 107784
003 OSt
005 20140310182055.0
008 961029r19961982enka b 001 0 eng
010 _a 96214644
015 _aGB96-47930
020 _a1851529284
035 _a(Uk)1851529284
_z(Uk)c899443542
035 _a(CStRLIN)UKBPGB9647930-B
040 _aDLC
_cDLC
_dDLC
050 0 0 _aBL 2462.5
_b.P37 1996
082 0 0 _aHS 398.2
_bP248
100 1 _aParrinder, Edward Geoffrey.
_912388
245 1 0 _aAfrican mythology /
_cGeoffrey Parrinder.
260 _aLondon :
_bChancellor Press,
_cc1996.
300 _a144 p. :
_bill. (some col.) ;
_c29 cm.
440 0 _aLibrary of the world's myths and legends
_912389
500 _aIncludes bibliographical references (p. 142) and index.
650 0 _aMythology, Sub-Saharan African.
_912390
906 _a7
_bcbc
_corigres
_d3
_encip
_f19
_gy-gencatlg
942 _2lcc
_cHS
999 _c9089
_d9089